Electronics for spectroscopists / (Record no. 13668)
[ view plain ]
| 000 -LEADER | |
|---|---|
| fixed length control field | 00938cam a22002891 4500 |
| 001 - CONTROL NUMBER | |
| control field | 13668 |
| 003 - CONTROL NUMBER IDENTIFIER | |
| rucl marc code | BD-RjUL |
| 005 - DATE AND TIME OF LATEST TRANSACTION | |
| control field | 20211208235507.0 |
| 008 - FIXED-LENGTH DATA ELEMENTS--GENERAL INFORMATION | |
| fixed length control field | 140201s1960 enka b 001 0 eng d |
| 035 ## - SYSTEM CONTROL NUMBER | |
| System control number | (BD-RjUL)13720 |
| System control number | (OCoLC)2545099 |
| 040 ## - CATALOGING SOURCE | |
| Original cataloging agency | DLC |
| Transcribing agency | ScU |
| Modifying agency | Uk |
| -- | DLC |
| -- | BD-RjUL |
| Language of cataloging | eng |
| 041 ## - LANGUAGE CODE | |
| Language code of text/sound track or separate title | eng |
| 082 00 - DEWEY DECIMAL CLASSIFICATION NUMBER | |
| Edition number | 19 |
| Classification number | 621.38105 |
| Author mark and year | ELE 1960 |
| 245 10 - TITLE STATEMENT | |
| Title | Electronics for spectroscopists / |
| Statement of responsibility, etc. | by members of the Photoelectric Spectrometry Group and the Electronics Dept. of Southampton University. |
| 260 ## - PUBLICATION, DISTRIBUTION, ETC. (IMPRINT) | |
| Place of publication, distribution, etc. | London : |
| Name of publisher, distributor, etc. | Hilger & Watts, |
| Date of publication, distribution, etc. | c1960 |
| 300 ## - PHYSICAL DESCRIPTION | |
| Pagination | 333 p. : |
| Illustrations | illus. ; |
| Size | 23 cm. |
| 500 ## - GENERAL NOTE | |
| General note | At head of title: Schwarz memorial volume. |
| 504 ## - BIBLIOGRAPHY, ETC. NOTE | |
| Bibliography, etc | Includes bibliography and Index |
| 650 #0 - SUBJECT ADDED ENTRY--TOPICAL TERM | |
| Topical term or geographic name as entry element | Electronics |
| 9 (RLIN) | 42775 |
| Topical term or geographic name as entry element | Spectrometer |
| 9 (RLIN) | 30292 |
| 700 1# - ADDED ENTRY--PERSONAL NAME | |
| Personal name | Cannon, Cyril George, |
| 942 ## - ADDED ENTRY ELEMENTS (KOHA) | |
| Source of classification or shelving scheme | Dewey Decimal Classification |
| Koha item type | Books |
| Lost status | Source of classification or shelving scheme | Damaged status | Not for loan | Collection code | Permanent Location | Current Location | Shelving location | Date acquired | Source of acquisition | Total Checkouts | Full call number | Date last seen | Copy number | Koha item type |
|---|---|---|---|---|---|---|---|---|---|---|---|---|---|---|
| Dewey Decimal Classification | Not For Loan | Non-fiction | Central Library, University of Rajshahi | Central Library, University of Rajshahi | Reading Room | 22/08/1961 | Colombo Plan Gift by UK | 621.38105 ELE 1960 | 01/02/2014 | C-1 | Books |